| 000 | 00748nam a2200193Ia 4500 | ||
|---|---|---|---|
| 003 | GCL | ||
| 008 | 140319s9999 xx 000 0 ara d | ||
| 020 | _a9186149977 | ||
| 040 |
_aGCL / _cGCL |
||
| 082 | 0 | 4 |
_a224.1 _bم ح |
| 100 | 1 | _aمحمود عكاشة | |
| 245 | 1 | 0 |
_aالحمل على اللفظ والمعنى فى القران الكريم : _bفى ضوء القياس على المشهور والنادر / _cمحمود عكاشة |
| 250 | _aالاولى | ||
| 260 |
_aالقاهرة : _bالاكاديمية الحديثة للكتاب الجامعى ، _c2006 |
||
| 300 |
_a284 ص ؛ _c24 سم |
||
| 650 | 0 | 4 | _aالقران - الفاظ |
| 650 | 0 | 4 | _aالقران - الفاظ ( من الناحية اللغوية ) |
| 942 |
_2ddc _cBK |
||
| 999 |
_c9147 _d9147 |
||